| 000 | 00492nam a22001577a 4500 | ||
|---|---|---|---|
| 999 |
_c4357 _d4357 |
||
| 003 | GBCCL | ||
| 005 | 20241126110516.0 | ||
| 008 | 180119b xxu||||| |||| 00| 0 eng d | ||
| 040 | _cgbc | ||
| 082 |
_a225.5209 _bPHI |
||
| 245 |
_aThe Inside Story: _bIn modern English as told by Luke, John, Acts and Romans / _ca translation by J B Phillips |
||
| 260 |
_aAmerican Bible Society, _bNew York: _c1957 |
||
| 300 |
_a307 p.; _bill., _c20 cm. |
||
| 650 |
_aBible _vNew Testament _97309 |
||
| 942 |
_2ddc _cBK |
||